[Event "38th Olympiad w"]
[Site "Dresden GER"]
[Date "2008.11.25"]
[Round "11"]
[White "Raeva,E"]
[Black "Monhchuluun,C"]
[Result "1/2-1/2"]
[WhiteElo "2251"]
[BlackElo "1969"]
[EventDate "2008.11.13"]

1. d4 Nf6 2. Nf3 e6 3. g3 b6 4. Bg2 Bb7 5. O-O c5 6. e3 Qc7 7. b3 d6 8. Bb2
Nbd7 9. c4 Be7 10. Nc3 a6 11. Re1 Ne4 12. Qc2 Ndf6 13. Rad1 Nxc3 14. Bxc3
Be4 15. Qb2 Qb7 16. d5 e5 17. Qe2 Qd7 18. Qf1 h5 19. Nd2 Bxg2 20. Qxg2 h4
21. f4 exf4 22. exf4 O-O-O 23. g4 h3 24. Qg3 Rde8 25. f5 Bd8 26. Rxe8 Nxe8
27. Ne4 Rh7 28. b4 Qa4 29. Rd2 cxb4 30. Bd4 Bc7 31. Ng5 Rh8 32. Nxf7 Rf8
33. Ng5 b5 34. Ne6 Rf7 35. Qd3 Qa3 36. Qxa3 bxa3 37. cxb5 axb5 38. Rd3 b4
39. Rxh3 Bd8 40. Rb3 Rb7 41. g5 Rb5 42. Nxd8 Kxd8 43. f6 gxf6 44. gxf6 Rb7
45. h4 Rf7 46. Rxb4 Nxf6 47. Rb8+ Kc7 48. Ra8 Rg7+ 49. Kh1 Rg6 50. Bxf6
Rxf6 51. Rxa3 Rf5 52. Rd3 Rh5 53. Rd4 Kb6 54. Kg2 Kc5 55. Ra4 Kb6 56. Kg3
Rxd5 57. Kg4 Rd2 58. h5 d5 59. h6 d4 60. Kg5 Kb5 61. Ra7 Rg2+ 62. Kf4 Rh2
63. Kg5 d3 64. Rd7 d2 65. Kg6 Rg2+ 66. Kf6 Rh2 67. Kg7 Rg2+ 68. Kh8 Kc6 69.
Rd3 Kb5 70. h7 Kc6 71. Rd8 Kb6 72. a4 Kb7 73. a5 Ka6 74. Rd5 Rh2 75. Kg7
Rg2+ 76. Kf6 Rf2+ 77. Kg6 Rg2+ 78. Kf6 Rf2+ 79. Kg6 Rg2+ 80. Kf6 Rf2+
1/2-1/2

[Event "38th Olympiad w"]
[Site "Dresden GER"]
[Date "2008.11.25"]
[Round "11"]
[White "Igla,B"]
[Black "Ostry,I"]
[Result "1-0"]
[WhiteElo "2254"]
[BlackElo "2183"]
[EventDate "2008.11.13"]

1. d4 Nf6 2. c4 g6 3. Nc3 Bg7 4. e4 d6 5. f3 O-O 6. Be3 Nc6 7. Nge2 Rb8 8.
Qd2 Re8 9. a3 a6 10. b4 b5 11. cxb5 axb5 12. d5 Ne5 13. Nd4 Bd7 14. Be2 e6
15. O-O exd5 16. exd5 Nc4 17. Bxc4 bxc4 18. b5 Qc8 19. a4 Bf5 20. a5 h5 21.
a6 Kh7 22. Rfe1 Bd3 23. Bf2 Bh6 24. Qb2 Nd7 25. Nc6 Ra8 26. Bd4 Nb6 27.
Rxe8 Qxe8 28. Qf2 Bg5 29. Ne4 Bxe4 30. fxe4 Kg8 31. h4 Bd8 32. Qf4 Nd7 33.
Rc1 f6 34. Rxc4 Ne5 35. Rc2 Ng4 36. Rc1 Ne5 37. Nxd8 Qxd8 38. Bxe5 dxe5 39.
Qg3 Kf7 40. Qc3 Ra7 41. Qc5 Qb8 42. Qc6 Kg7 43. Rd1 Ra8 44. d6 Qa7+ 45. b6
Qxa6 46. dxc7 Qe2 47. Qd7+ 1-0

[Event "38th Olympiad w"]
[Site "Dresden GER"]
[Date "2008.11.25"]
[Round "11"]
[White "Lim,G"]
[Black "Vasiliev,Olg"]
[Result "0-1"]
[WhiteElo "2072"]
[BlackElo "2235"]
[EventDate "2008.11.13"]

1. Nf3 d5 2. d4 Nf6 3. c4 dxc4 4. Nc3 a6 5. a4 Nc6 6. e4 Bg4 7. Be3 Na5 8.
h3 Bh5 9. d5 e6 10. dxe6 fxe6 11. Qxd8+ Rxd8 12. Ng5 Bf7 13. Bf4 Rc8 14.
Nxf7 Kxf7 15. Rd1 Bb4 16. f3 c6 17. Be2 b5 18. Be5 Rhd8 19. O-O Nb3 20. Kh2
Ke7 21. Kg3 Nd7 22. Bf4 h6 23. h4 e5 24. Be3 Bc5 25. Bxc5+ Ndxc5 26. axb5
axb5 27. Kf2 Rd4 28. Na2 Na4 29. Rxd4 exd4 30. Bd1 Nxb2 31. Bxb3 cxb3 32.
Nc1 c5 33. Nxb3 Nd3+ 34. Ke2 Nf4+ 35. Kd2 Kd6 36. g3 Ne6 37. Ra1 c4 38. Nc1
b4 39. Ra6+ Rc6 40. e5+ Kd5 41. Rxc6 Kxc6 42. f4 Nc5 43. f5 Ne4+ 44. Kd1
Nxg3 45. f6 gxf6 46. exf6 Kd6 47. Na2 b3 48. Nb4 Ke6 49. Nd5 c3 0-1

[Event "38th Olympiad w"]
[Site "Dresden GER"]
[Date "2008.11.25"]
[Round "11"]
[White "Efroimski,M"]
[Black "Shyngys Kyzy,A"]
[Result "1-0"]
[WhiteElo "2091"]
[BlackElo "1707"]
[EventDate "2008.11.13"]

1. e4 e5 2. Nf3 Nf6 3. Nxe5 d6 4. Nf3 Nxe4 5. Nc3 Nxc3 6. dxc3 Bg4 7. Be3
Be7 8. Be2 Nc6 9. h3 Bf5 10. Qd2 Qd7 11. O-O-O a6 12. Rhe1 O-O-O 13. Nd4
Nxd4 14. Qxd4 c5 15. Qf4 d5 16. Rd2 Rhe8 17. Red1 Be6 18. Kb1 Qc6 19. Bf3
Bf6 20. Bg4 h6 21. Rd3 Qb5 22. Rxd5 Rxd5 23. Rxd5 Qf1+ 24. Rd1 Qb5 25. Rd5
Qf1+ 26. Rd1 Qb5 27. a4 Qc6 28. Bf3 Qb6 29. Qd6 Qxd6 30. Rxd6 Be7 31. Rb6
Rd8 32. Rxb7 Bd6 33. Rb6 Bc4 34. b3 Be6 35. Rxa6 Kd7 36. Bc6+ Ke7 37. Ra7+
Kf8 38. a5 Bb8 39. Ra8 c4 40. Bf4 Rd1+ 41. Kb2 cxb3 42. Rxb8+ 1-0

[Event "38th Olympiad w"]
[Site "Dresden GER"]
[Date "2008.11.25"]
[Round "11"]
[White "Rogule,L"]
[Black "Topel,Z"]
[Result "1-0"]
[WhiteElo "2260"]
[BlackElo "2214"]
[EventDate "2008.11.13"]

1. c4 g6 2. Nc3 Bg7 3. g3 e5 4. Bg2 d6 5. d3 f5 6. e4 Nc6 7. Nge2 Nf6 8. h3
O-O 9. Be3 Be6 10. Nd5 Qd7 11. Qd2 Rab8 12. Rc1 a6 13. Nxf6+ Bxf6 14. h4
Nd4 15. Nxd4 exd4 16. Bh6 Rfe8 17. h5 fxe4 18. dxe4 Qf7 19. hxg6 hxg6 20.
b3 b5 21. cxb5 axb5 22. Bf4 Re7 23. O-O Rb6 24. Rfe1 Qg7 25. Bg5 Bf7 26.
Bxf6 Qxf6 27. Qa5 d3 28. Rcd1 b4 29. Rxd3 Qb2 30. Qg5 Re5 31. Qd8+ Re8 32.
Qxc7 Ra6 33. Rf3 Rf8 34. Bf1 Rxa2 35. Qxd6 Rfa8 36. Qxb4 Ra1 37. Kg2 Rxe1
38. Qxe1 Ra1 39. Qc3 Qb1 40. Qd3 Bxb3 41. Qxb3+ 1-0

[Event "38th Olympiad w"]
[Site "Dresden GER"]
[Date "2008.11.25"]
[Round "11"]
[White "Bayrak,A"]
[Black "Skinke,K"]
[Result "0-1"]
[WhiteElo "2005"]
[BlackElo "2186"]
[EventDate "2008.11.13"]

1. e4 d6 2. d4 Nf6 3. f3 c5 4. d5 g6 5. c4 Bg7 6. Bd3 O-O 7. Ne2 e6 8. O-O
exd5 9. exd5 Re8 10. Nbc3 Nbd7 11. Bf4 Ne5 12. Ng3 Nfd7 13. Re1 Nxd3 14.
Rxe8+ Qxe8 15. Qxd3 Ne5 16. Qe2 Bd7 17. Nge4 Qe7 18. a4 a6 19. Ra3 f5 20.
Bg5 Qf8 21. Nf2 Re8 22. Qf1 Nxc4 23. Rb3 Bc8 24. h3 Ne5 25. Bf4 h6 26. Bd2
Qf7 27. Qc1 Kh7 28. Qd1 Nc4 29. Bc1 Qe7 30. Qf1 Qe1 31. Na2 Bd4 0-1

[Event "38th Olympiad w"]
[Site "Dresden GER"]
[Date "2008.11.25"]
[Round "11"]
[White "Mamedjarova,Z"]
[Black "Arribas Robaina,M"]
[Result "1/2-1/2"]
[WhiteElo "2351"]
[BlackElo "2303"]
[EventDate "2008.11.13"]

1. d4 Nf6 2. c4 d6 3. g3 g6 4. Bg2 Bg7 5. Nf3 O-O 6. O-O c6 7. Nc3 Qa5 8.
h3 e5 9. e4 exd4 10. Nxd4 Nbd7 11. Bf4 Ne5 12. Nb3 Qc7 13. c5 dxc5 14. Nxc5
Qe7 15. Nb3 Rd8 16. Qc2 Ne8 17. Rfd1 Be6 18. Ne2 Rxd1+ 19. Rxd1 Rd8 20.
Ned4 Nc7 21. Nxe6 Rxd1+ 22. Qxd1 Nxe6 23. Bc1 Nc4 24. Qc2 Qb4 25. Bf1 Nd6
26. Bd3 Nd4 27. Nxd4 Qe1+ 28. Kg2 Bxd4 29. Bf4 Ne8 30. g4 Ng7 31. Bg3 Ne6
32. b3 Kg7 33. h4 h6 34. Bc4 Nc5 35. Be2 Ne6 36. Bf3 g5 37. hxg5 hxg5 38.
Kh2 Qa1 39. Qd2 Be5 40. Be2 Bxg3+ 41. fxg3 Qd4 42. Bd3 Kf8 43. Qe2 Nc5 44.
Bb1 Nd7 45. Qf1 Ne5 46. Kh3 Qd2 47. Qf6 Ng6 48. e5 Qe1 49. Kh2 Qxe5 50.
Qd8+ Qe8 51. Qd6+ Qe7 52. Qb8+ Qe8 53. Qd6+ Qe7 54. Qb8+ Kg7 55. Bxg6 Kxg6
56. Qxa7 Qe2+ 57. Kh3 Qe4 58. Qg1 b5 59. Qd1 b4 60. Kh2 f6 61. Qd8 Qe2+ 62.
Kh3 Qf1+ 63. Kh2 Qf2+ 64. Kh3 1/2-1/2

[Event "38th Olympiad w"]
[Site "Dresden GER"]
[Date "2008.11.25"]
[Round "11"]
[White "Ordaz Valdes,L"]
[Black "Mamedjarova,T"]
[Result "1/2-1/2"]
[WhiteElo "2306"]
[BlackElo "2269"]
[EventDate "2008.11.13"]

1. d4 d5 2. c4 e6 3. Nc3 Nf6 4. cxd5 exd5 5. Bg5 Be7 6. e3 O-O 7. Bd3 h6 8.
Bh4 c6 9. Qc2 Re8 10. Nf3 Nbd7 11. O-O Nf8 12. Bxf6 Bxf6 13. b4 Qd6 14.
Rab1 Bg4 15. Nd2 Bd8 16. Rfc1 Bc7 17. Nf1 Rac8 18. Na4 Bb8 19. Nc5 Qe7 20.
Bf5 Bxf5 21. Qxf5 b6 22. Na4 Nd7 23. b5 Qe6 24. Qxe6 Rxe6 25. Rc2 c5 26.
dxc5 bxc5 27. Rd1 Rd6 28. Ng3 g6 29. Ne2 Kg7 30. Nf4 a6 31. b6 Nxb6 32.
Rxc5 Rxc5 33. Nxc5 Rc6 34. Nfd3 Nc4 35. Nb3 a5 36. Ndc5 Ba7 37. Na4 Nb6 38.
Nxa5 Rc2 39. Nxb6 Bxb6 40. Nb3 Rxa2 41. Rxd5 Rb2 42. Nd2 Ba5 43. Rxa5 Rxd2
44. g4 g5 45. Kg2 Re2 46. Kf3 Rb2 47. h4 Kg6 48. h5+ Kg7 49. Rf5 Rb3 50.
Kg3 Rc3 51. Re5 Kf6 52. Rd5 Ra3 53. Kf3 Ra2 54. Rd6+ Kg7 55. Rd3 Rb2 56.
Rd5 Ra2 57. Kg3 Ra3 58. Re5 Rb3 59. f4 gxf4+ 60. Kxf4 Rb1 61. Rf5 Rf1+ 62.
Ke5 Rg1 63. Rf4 Ra1 64. Rd4 Re1 65. Re4 Ra1 66. Kf5 Rf1+ 67. Rf4 Ra1 68.
Ke4 Rb1 69. Kf3 Rf1+ 70. Kg2 Re1 71. Kf2 Ra1 72. Rf5 Rh1 73. Kg2 Re1 74.
Rf3 Ra1 75. Kg3 Rc1 76. Kf4 Rg1 77. Rg3 Rf1+ 78. Ke5 Rh1 79. e4 Rh2 80. Rg1
Rh3 81. Kf4 Rh2 82. Kg3 Re2 83. Kf3 Rh2 84. e5 Rh3+ 85. Ke4 Rh2 86. Rd1 Rg2
87. Kf3 Ra2 88. Rd7 Kg8 89. Rb7 Ra1 90. g5 Rf1+ 91. Kg2 Rf5 92. gxh6 Rxe5
93. h7+ Kxh7 94. Rxf7+ Kh6 95. Re7 Rxe7 1/2-1/2

[Event "38th Olympiad w"]
[Site "Dresden GER"]
[Date "2008.11.25"]
[Round "11"]
[White "Umudova,N"]
[Black "Pina Vega,S"]
[Result "1/2-1/2"]
[WhiteElo "2219"]
[BlackElo "2286"]
[EventDate "2008.11.13"]

1. Nf3 Nf6 2. g3 g6 3. Bg2 Bg7 4. O-O O-O 5. d3 d5 6. Nbd2 Nc6 7. c4 e5 8.
cxd5 Nxd5 9. Nc4 Nb6 10. Nfd2 f5 11. Bxc6 bxc6 12. Na5 Qd5 13. Qb3 Kh8 14.
Qxd5 cxd5 15. Ndb3 Na4 16. Bg5 h6 17. Be7 Rf7 18. Ba3 f4 19. Rfc1 f3 20. e3
Bf5 21. Rd1 Bf8 22. Bxf8 Raxf8 23. Nc6 Re8 24. Rd2 h5 25. d4 exd4 26. exd4
Be4 27. Ne5 Rg7 28. Rc1 h4 29. g4 h3 30. Nc5 Nxc5 31. Rxc5 Re6 32. b3 Ra6
33. Rc3 Re7 34. Kf1 Rf6 35. Rd1 Ra6 36. a4 c5 37. Rxc5 Rb7 38. Rc3 Rab6 39.
Rdc1 Rxb3 40. Rc8+ Kg7 41. g5 Rb1 42. Ke1 Rxc1+ 43. Rxc1 Rb4 44. Rc7+ Kf8
45. Rc8+ Kg7 46. Rc7+ Kf8 47. Rxa7 Rxd4 48. Ra8+ Kg7 49. Ra7+ Kg8 50. Ra8+
Kg7 51. Ra7+ Kg8 52. Ra8+ 1/2-1/2

[Event "38th Olympiad w"]
[Site "Dresden GER"]
[Date "2008.11.25"]
[Round "11"]
[White "Linares Napoles,O"]
[Black "Isgandarova,K"]
[Result "1/2-1/2"]
[WhiteElo "2262"]
[BlackElo "2206"]
[EventDate "2008.11.13"]

1. e4 e6 2. d4 d5 3. Nc3 Nf6 4. e5 Nfd7 5. f4 c5 6. Nf3 Nc6 7. Be3 Be7 8.
Qd2 a6 9. Qf2 cxd4 10. Nxd4 Qc7 11. Bd3 b5 12. O-O Nxd4 13. Bxd4 g6 14. Kh1
b4 15. Na4 Qc6 16. b3 a5 17. Rac1 Ba6 18. Bxa6 Qxa6 19. c3 Rc8 20. cxb4
axb4 21. Rxc8+ Qxc8 22. Qd2 Qa6 23. Rc1 O-O 24. Qc2 f6 25. Qc7 fxe5 26.
Qxd7 exd4 27. Qxe7 Rxf4 28. Kg1 Rf7 29. Qxb4 Qe2 30. Qxd4 e5 31. Qd1 Qf2+
32. Kh1 d4 33. Qe1 e4 34. Qxf2 Rxf2 35. Rd1 e3 1/2-1/2

[Event "38th Olympiad w"]
[Site "Dresden GER"]
[Date "2008.11.25"]
[Round "11"]
[White "Golubenko,Valen"]
[Black "Pourkashiyan,A"]
[Result "0-1"]
[WhiteElo "2273"]
[BlackElo "2241"]
[EventDate "2008.11.13"]

1. d4 d5 2. Nf3 Nf6 3. c4 dxc4 4. Nc3 a6 5. e3 e6 6. Bxc4 b5 7. Bb3 Bb7 8.
O-O Nbd7 9. Qe2 c5 10. Rd1 Qb8 11. d5 exd5 12. Nxd5 Nxd5 13. Bxd5 Bxd5 14.
Rxd5 Be7 15. e4 Qb7 16. Be3 O-O 17. Rdd1 Rfe8 18. Qc2 c4 19. e5 Rad8 20.
Qf5 g6 21. Qg4 Nf8 22. h4 h5 23. Qg3 Ne6 24. Ng5 Bxg5 25. Bxg5 Nxg5 26.
Rxd8 Rxd8 27. Qxg5 Qd5 28. Re1 Qd2 29. Re3 Re8 30. g3 Qxb2 31. e6 Qb1+ 32.
Kh2 Qf5 33. e7 Qxf2+ 34. Kh3 Qg1 35. Re2 Qf1+ 36. Rg2 Qf5+ 37. Qxf5 gxf5
38. Rc2 Rxe7 39. Kg2 Re3 40. Kf2 Ra3 41. Kg2 Kg7 42. Kf2 Kf6 43. Re2 f4 44.
gxf4 Kf5 45. Re5+ Kxf4 46. Rxh5 Rxa2+ 47. Ke1 Rh2 48. Rh6 f5 49. Rxa6 Rxh4
50. Rb6 Rh1+ 51. Kd2 Rb1 52. Kc2 Rb3 53. Rf6 Ke4 54. Re6+ Kf3 55. Rf6 f4
56. Rf8 Ke3 57. Re8+ Kf2 58. Rf8 f3 59. Rf7 Ke2 60. Re7+ Re3 0-1

[Event "38th Olympiad w"]
[Site "Dresden GER"]
[Date "2008.11.25"]
[Round "11"]
[White "Paridar,S"]
[Black "Medic,Mir"]
[Result "0-1"]
[WhiteElo "2248"]
[BlackElo "2281"]
[EventDate "2008.11.13"]

1. e4 e6 2. d4 d5 3. Nd2 Nf6 4. e5 Nfd7 5. f4 c5 6. c3 Nc6 7. Ne2 Qb6 8.
Nf3 cxd4 9. cxd4 Bb4+ 10. Nc3 Be7 11. a3 f6 12. Bd3 f5 13. Na4 Qd8 14. b4
Nb6 15. Nc3 Bd7 16. Be3 O-O 17. h4 Rc8 18. Rc1 Be8 19. Nd2 Bxh4+ 20. Kf1
Be7 21. g4 Bg6 22. Qe2 a5 23. b5 Na7 24. Nb3 Bxa3 25. Ra1 Rxc3 26. Rxa3 a4
27. gxf5 Bxf5 28. Bxf5 Rxf5 29. Bd2 Rxb3 30. Ra1 Nxb5 31. Qh2 h5 0-1

[Event "38th Olympiad w"]
[Site "Dresden GER"]
[Date "2008.11.25"]
[Round "11"]
[White "Franciskovic,B"]
[Black "Ghader Pour,S"]
[Result "1/2-1/2"]
[WhiteElo "2275"]
[BlackElo "2149"]
[EventDate "2008.11.13"]

1. g3 Nf6 2. Bg2 d5 3. Nf3 c6 4. O-O Bf5 5. d3 h6 6. c4 e6 7. Be3 Nbd7 8.
Qb3 Qc7 9. Nc3 Nc5 10. Bxc5 Bxc5 11. cxd5 exd5 12. Rac1 Qb6 13. Qc2 Be7 14.
Na4 Qc7 15. Nd4 Bh7 16. Qb3 O-O 17. Nc5 Rab8 18. Qa4 a5 19. Rfe1 Nd7 20.
Ndb3 Bf6 21. Qa3 a4 22. Nxd7 Qxd7 23. Nc5 Qe7 24. Nxa4 Qxa3 25. bxa3 b5 26.
Nc5 Rbd8 27. Rc2 Rfe8 28. Bf3 Ra8 29. Nd7 Bxd3 30. Nxf6+ gxf6 31. Rxc6 Bc4
32. Rd6 Re6 33. Rxd5 Rxa3 34. Rd8+ Kg7 35. Bd5 Bxd5 36. Rxd5 Rxa2 37. Rxb5
Rexe2 38. Rf1 Kg6 39. Rb4 f5 40. Rf4 Re4 41. Rf3 h5 42. Rc1 h4 43. Kg2 hxg3
44. hxg3 Raa4 45. Rc6+ f6 46. Rd3 Ra8 1/2-1/2

[Event "38th Olympiad w"]
[Site "Dresden GER"]
[Date "2008.11.25"]
[Round "11"]
[White "Salman,Ma"]
[Black "Jelica,M"]
[Result "0-1"]
[WhiteElo "2112"]
[BlackElo "2205"]
[EventDate "2008.11.13"]

1. e4 c5 2. Nf3 d6 3. d4 cxd4 4. Qxd4 a6 5. c4 Nc6 6. Qd2 Nf6 7. Nc3 g6 8.
b3 Bg7 9. Bb2 O-O 10. Be2 Bd7 11. O-O Qa5 12. Rab1 Rfc8 13. a3 Qd8 14. b4
Rab8 15. Rfd1 Bg4 16. Qe3 Bxf3 17. gxf3 Qf8 18. f4 e5 19. Nd5 Nxd5 20. Rxd5
Bh6 21. Rbd1 Bxf4 22. Qh3 Rd8 23. Bc3 Qe7 24. b5 Nd4 25. Bxd4 exd4 26.
R1xd4 axb5 27. cxb5 Rbc8 28. Qg4 Rc1+ 29. Kg2 Be5 30. Rd1 Rc3 31. R5d3 Rdc8
32. f4 Bg7 33. Qf3 Rxd3 34. Rxd3 Rc2 35. Kf1 Bh6 36. a4 Qh4 37. Rxd6 Bxf4
38. Rd7 Qxh2 39. e5 Rc1+ 40. Bd1 g5 41. a5 Qc2 42. Qd5 Qf5 43. Kg2 Rc3 44.
Bf3 Rc2+ 45. Kf1 Qh3+ 46. Bg2 Rc1+ 47. Qd1 Qxd7 0-1

[Event "38th Olympiad w"]
[Site "Dresden GER"]
[Date "2008.11.25"]
[Round "11"]
[White "Hagarova,Z"]
[Black "Krivec,J"]
[Result "1/2-1/2"]
[WhiteElo "2430"]
[BlackElo "2345"]
[EventDate "2008.11.13"]

1. e4 e5 2. Nf3 d6 3. d4 exd4 4. Nxd4 Nf6 5. Nc3 Be7 6. g3 d5 7. e5 Ng4 8.
Bg2 Nxe5 9. Qe2 Nec6 10. Be3 O-O 11. Nxd5 Nxd4 12. Bxd4 Bd6 13. O-O-O Nc6
14. Bc3 Bf5 15. Qb5 Qc8 16. Rhe1 a6 17. Qc4 Re8 18. Qh4 Rxe1 19. Rxe1 Qd8
20. Qh5 Bg6 21. Qg4 f5 22. Qc4 Bf7 23. Qd3 Qd7 24. Bh3 Be6 25. f4 Qf7 26.
Bg2 Rd8 27. Kb1 Bf8 28. Rd1 Kh8 29. Qf3 Nb8 30. a3 c6 31. Ne3 Rxd1+ 32.
Qxd1 Nd7 33. Bh3 Bc5 34. Qd3 Bxe3 35. Qxe3 Nf6 36. Qe5 Qd7 37. Kc1 Ne4 38.
Bd4 h6 39. Bf1 Kh7 40. Bd3 Nf6 41. h3 Kh8 42. Qb8+ Ng8 43. Be5 Qc8 44. Qd6
Qd7 45. Qxd7 Bxd7 46. Kd2 Nf6 47. Bxf6 gxf6 48. Kc3 a5 49. b4 axb4+ 50.
axb4 b6 51. Kd4 Kg7 52. b5 cxb5 53. Kd5 b4 54. Kd6 Ba4 55. Bxf5 b3 56. cxb3
Bxb3 57. Kc6 Kf8 58. Kxb6 Ke7 59. Kc5 Bd1 60. Kd4 Bf3 61. Be4 Bd1 62. Ke3
Kf8 63. Bf3 Bc2 64. Be4 Bd1 65. Bd3 Ba4 66. Ke4 Bd7 67. f5 Bc6+ 68. Kf4 Bg2
69. h4 Bd5 70. Be4 Bf7 71. Kg4 Kg7 72. Kf4 Kf8 73. g4 Ba2 74. g5 hxg5+ 75.
hxg5 fxg5+ 76. Kxg5 Bb3 1/2-1/2

[Event "38th Olympiad w"]
[Site "Dresden GER"]
[Date "2008.11.25"]
[Round "11"]
[White "Srebrnic,A"]
[Black "Pokorna,Reg"]
[Result "0-1"]
[WhiteElo "2290"]
[BlackElo "2376"]
[EventDate "2008.11.13"]

1. c4 Nf6 2. Nc3 e6 3. e4 d5 4. e5 d4 5. exf6 dxc3 6. bxc3 Qxf6 7. d4 c5 8.
Nf3 h6 9. Bd3 cxd4 10. cxd4 Bb4+ 11. Bd2 Bxd2+ 12. Qxd2 Nc6 13. O-O Nxd4
14. Nxd4 Qxd4 15. Rab1 f5 16. Rfd1 O-O 17. Qb4 a5 18. Qa3 b6 19. Be2 Qe5
20. Bf3 Rb8 21. c5 bxc5 22. Rxb8 Qxb8 23. Qxc5 Bb7 24. Bxb7 Qxb7 25. Qxa5
Ra8 26. Qe5 Qb6 27. Qe2 Kh7 28. h3 Ra5 29. Re1 e5 30. Qc2 e4 31. Rb1 Qe6
32. Rb2 Qe5 33. Qe2 Rc5 34. Rb1 Ra5 35. Kh1 Qd5 36. Rb2 Ra3 37. Rd2 Rd3 38.
Rc2 Rd1+ 39. Kh2 Qe5+ 40. g3 Qa1 41. g4 Rh1+ 42. Kg3 Qg1+ 43. Kf4 Qh2+ 44.
Kxf5 Qd6 45. Kxe4 Re1 46. f4 Qe6+ 47. Kf3 Qd5+ 48. Kf2 Rxe2+ 49. Rxe2 Qh1
50. Re3 Qh2+ 51. Kf1 Qxf4+ 52. Ke2 Qh2+ 53. Kd3 Qxa2 54. Rf3 Kg6 55. Ke4
Kg5 56. Rf5+ Kh4 57. Rh5+ Kg3 58. Kf5 Qf7+ 59. Ke4 g6 60. Kd4 0-1

[Event "38th Olympiad w"]
[Site "Dresden GER"]
[Date "2008.11.25"]
[Round "11"]
[White "Machalova,M"]
[Black "Rozic,V"]
[Result "0-1"]
[WhiteElo "2187"]
[BlackElo "2293"]
[EventDate "2008.11.13"]

1. c4 e6 2. Nc3 d5 3. d4 Nf6 4. cxd5 exd5 5. Bg5 c6 6. Qc2 Nbd7 7. Nf3 Be7
8. e3 O-O 9. Bd3 Re8 10. O-O Nf8 11. h3 Be6 12. Rab1 Ne4 13. Bf4 Bd6 14.
Bxd6 Nxd6 15. Ne5 Qc8 16. Ne2 Bf5 17. Bxf5 Nxf5 18. Rbc1 Nd6 19. Nf4 Ne6
20. Nfd3 Ng5 21. Nc5 Nge4 22. Nxe4 Nxe4 23. b4 a6 24. a4 Nd6 25. Nd3 Re6
26. Nf4 Re8 27. Nd3 Qd8 28. a5 Qe7 29. Nc5 Rad8 30. Rfe1 Qg5 31. Qe2 Re7
32. Qg4 Qf6 33. Qf3 Qh6 34. Red1 Ne4 35. Rd3 Rde8 36. Rcd1 Qd6 37. Rb3 Qc7
38. Ra3 Rd8 39. Kh1 Rd6 40. Nxe4 Rxe4 41. Qg3 Qd8 42. Rc3 Rg6 43. Qh2 h6
44. Rdc1 Kh7 45. Rc5 f5 46. Rg1 f4 47. f3 Rxe3 48. Qxf4 Re2 49. Rcc1 Qf6
50. Qc7 Qxd4 51. Qxb7 Qf2 52. Qb6 Qg3 53. Rxc6 Rxg2 0-1

[Event "38th Olympiad w"]
[Site "Dresden GER"]
[Date "2008.11.25"]
[Round "11"]
[White "Calzetta,M"]
[Black "Jackova,J"]
[Result "1/2-1/2"]
[WhiteElo "2328"]
[BlackElo "2360"]
[EventDate "2008.11.13"]

1. e4 e5 2. Nf3 Nc6 3. Bb5 a6 4. Ba4 Nf6 5. O-O Be7 6. d3 b5 7. Bb3 d6 8.
a4 b4 9. Nbd2 Na5 10. Ba2 O-O 11. c3 c5 12. d4 exd4 13. cxd4 cxd4 14. Nxd4
Qb6 15. Nf5 Bxf5 16. exf5 d5 17. Nf3 Bc5 18. Bg5 Ne4 19. Bh4 b3 20. Bb1 Qc6
21. Ne5 Qd6 22. Bxe4 dxe4 23. Nd7 Rfe8 24. Nxc5 Qxc5 25. Qg4 Qe5 26. Rac1
Nb7 27. Rc3 Nd6 28. f6 g6 29. Rxb3 Nf5 30. Re1 Rac8 31. h3 h5 32. Qg5 Rc6
33. Rb4 Nxh4 34. Qxh4 e3 35. fxe3 Rxf6 36. Rd4 Kg7 37. b4 g5 38. Qxh5 Qg3
39. Qe2 Rfe6 40. Rg4 Qe5 41. Qd3 f6 42. Rd4 R8e7 43. e4 Qc7 44. Kh1 Rc6 45.
Rd8 Rc1 46. Rxc1 Qxc1+ 47. Qd1 Qc6 48. Rd4 Rxe4 49. Rxe4 Qxe4 50. b5 axb5
51. axb5 Qb4 52. Qe2 Qb1+ 53. Kh2 Qb4 54. Qd3 Kh6 55. Kg1 Kg7 56. Kf2 Kf7
57. g3 Kg7 58. h4 gxh4 59. gxh4 Kf7 60. Qd5+ Kg7 61. h5 Kh6 62. Ke2 Qg4+
63. Kd2 Qf4+ 64. Kc2 Qa4+ 65. Kc3 Qa5+ 66. Kb3 Qb6 67. Qf5 Qe3+ 68. Kc4
Qe2+ 69. Kc5 Qe7+ 70. Kd5 Qf7+ 71. Kd6 Qf8+ 72. Ke6 Qc8+ 73. Kxf6 Qf8+ 74.
Ke6 Qc8+ 75. Ke5 Qc5+ 76. Kf4 Qf2+ 77. Kg4 Qg2+ 78. Kh4 Qh2+ 79. Kg4 Qg2+
80. Kh4 1/2-1/2

[Event "38th Olympiad w"]
[Site "Dresden GER"]
[Date "2008.11.25"]
[Round "11"]
[White "Nemcova,Kat"]
[Black "Pares Vives,N"]
[Result "1-0"]
[WhiteElo "2369"]
[BlackElo "2299"]
[EventDate "2008.11.13"]

1. e4 e5 2. Nf3 Nc6 3. Bb5 a6 4. Ba4 Nf6 5. O-O Be7 6. Re1 b5 7. Bb3 d6 8.
c3 O-O 9. h3 Na5 10. Bc2 c5 11. d4 Qc7 12. Nbd2 Nc6 13. dxc5 dxc5 14. Nh2
Be6 15. Ndf1 Rad8 16. Qf3 c4 17. Ne3 Rfe8 18. g4 Bf8 19. g5 Nd7 20. Nd5
Bxd5 21. exd5 e4 22. Bf4 Bd6 23. Bxd6 Qxd6 24. Rxe4 Nce5 25. Qg3 Nc5 26.
Rd4 g6 27. b4 Nb7 28. a4 Qb6 29. a5 Qd6 30. Rad1 Nd7 31. f4 Re2 32. Be4 Re8
33. Qf3 Rb2 34. Ng4 h5 35. Nf2 Kg7 36. R4d2 Rb3 37. Qe3 f5 38. Qd4+ Kf7 39.
Bf3 Ra3 40. Kg2 Nd8 41. Re2 Rxe2 42. Bxe2 Qf8 43. Rc1 Qe7 44. Bf3 Nb7 45.
d6 Nxd6 46. Rd1 Ne4 47. Qxd7 Qxd7 48. Rxd7+ Ke8 49. Rg7 Nxc3 50. Rxg6 Na2
51. Rg8+ Kf7 52. Bd5+ Ke7 53. g6 h4 54. Kf1 Rg3 55. g7 Nxb4 56. Ng4 fxg4
57. Re8+ Kxe8 58. g8=Q+ Kd7 59. Qe6+ Kd8 60. Qd6+ 1-0

[Event "38th Olympiad w"]
[Site "Dresden GER"]
[Date "2008.11.25"]
[Round "11"]
[White "Vega Gutierrez,S"]
[Black "Kulovana,E"]
[Result "1-0"]
[WhiteElo "2278"]
[BlackElo "2286"]
[EventDate "2008.11.13"]

1. e4 e5 2. Nf3 Nf6 3. Nxe5 d6 4. Nf3 Nxe4 5. Nc3 Nxc3 6. dxc3 Be7 7. Bf4
Nc6 8. Qd2 Be6 9. O-O-O Qd7 10. Kb1 a6 11. Ng5 Bxg5 12. Bxg5 f6 13. Be3 Ne5
14. b3 O-O-O 15. f3 Rde8 16. Be2 h5 17. Rhe1 Bf5 18. c4 Qc6 19. Qd4 Nd7 20.
Bf1 b6 21. Bf2 a5 22. Kb2 Nc5 23. Rxe8+ Rxe8 24. a3 Nd7 25. h3 Qc5 26. Qh4
Qe5+ 27. Bd4 Qe6 28. Qxh5 g5 29. g4 Bxc2 30. Kxc2 Ne5 31. Bxe5 Qxe5 32. Qg6
Kb7 33. Qe4+ 1-0

[Event "38th Olympiad w"]
[Site "Dresden GER"]
[Date "2008.11.25"]
[Round "11"]
[White "Seps,M"]
[Black "Drljevic,L"]
[Result "0-1"]
[WhiteElo "2203"]
[BlackElo "2259"]
[EventDate "2008.11.13"]

1. e4 d6 2. d4 Nf6 3. Nc3 g6 4. f4 Bg7 5. Nf3 O-O 6. Bd3 Na6 7. O-O c5 8.
d5 Bg4 9. Bc4 Nd7 10. Be3 Nb6 11. Be2 Bxf3 12. Rxf3 e6 13. dxe6 fxe6 14.
Bf2 Qe7 15. a4 Nb4 16. a5 Nc8 17. Bc4 Kh8 18. Qd2 b6 19. a6 Rb8 20. Rd1 Qd7
21. Qe2 Qe7 22. Qd2 Qd7 23. Nb5 d5 24. exd5 exd5 25. c3 Qc6 26. Bf1 Nxa6
27. Qxd5 Ne7 28. Qxc6 Nxc6 29. Nxa7 Nxa7 30. Bxa6 Nc6 31. Bb5 Ne7 32. Rd7
Ng8 33. Rfd3 Ra8 34. g3 Nf6 35. Re7 Ra5 36. Bd7 Ra7 37. b4 c4 38. Rd1 Rd8
39. Bxb6 Raxd7 40. Rexd7 Rxd7 41. Bd4 Kg8 42. Ra1 Kf7 43. Ra6 Rxd4 44. cxd4
Nd5 45. Kf1 c3 46. Ke2 Nxb4 47. Ra7+ Kf6 48. g4 Bf8 49. Rd7 Ke6 50. Rxh7
Bd6 51. f5+ Kf6 52. fxg6 Kxg6 53. Rh3 c2 54. Rc3 Bf4 55. Kf3 c1=Q 56. Rxc1
Bxc1 57. Ke4 Kf6 58. h4 Ke6 59. g5 Nd5 60. g6 Nf6+ 61. Kd3 Kd5 62. Kc2 Bh6
63. Kd3 Nh5 64. Kc3 Nf4 65. h5 Nxh5 66. g7 Bxg7 67. Kb4 Nf4 68. Kb5 Bf6 69.
Kb6 Kd6 70. d5 Bd8+ 71. Kb5 Kxd5 72. Kb4 Ne2 73. Kb3 Bb6 74. Kc2 Ke4 75.
Kd2 Nf4 76. Kc3 Ne6 77. Kc4 Nc7 78. Kc3 Be3 79. Kc4 Bd4 80. Kb4 Kd3 81. Kb3
Bc3 82. Ka4 Kc4 83. Ka3 Nd5 84. Ka4 Nb6+ 85. Ka3 Nd7 86. Ka4 Nc5+ 87. Ka3
Kd3 88. Ka2 Kc2 89. Ka3 Ba5 90. Ka2 Bb4 91. Ka1 Nb3+ 92. Ka2 Nc1+ 0-1

[Event "38th Olympiad w"]
[Site "Dresden GER"]
[Date "2008.11.25"]
[Round "11"]
[White "Stojanovic,Mari"]
[Black "Hund,B"]
[Result "1/2-1/2"]
[WhiteElo "2199"]
[BlackElo "2216"]
[EventDate "2008.11.13"]

1. e4 e5 2. Nf3 Nc6 3. Bb5 a6 4. Ba4 Nf6 5. d3 d6 6. c3 b5 7. Bc2 Be7 8. h3
d5 9. exd5 Nxd5 10. O-O O-O 11. Re1 Bf6 12. Nbd2 Bf5 13. Ne4 h6 14. d4 exd4
15. Nxf6+ Qxf6 16. Bxf5 Qxf5 17. Nxd4 Nxd4 18. Qxd4 c6 19. Qe4 Qxe4 20.
Rxe4 Rfe8 21. Rxe8+ Rxe8 22. Kf1 f5 23. Bd2 Rd8 24. Ke2 Nb6 25. b3 Kf7 26.
g4 fxg4 27. hxg4 Re8+ 28. Kf3 Nd7 29. Be3 Rd8 30. Rg1 Nf8 31. Ke2 Ne6 32.
Ra1 Re8 33. Kd3 Rd8+ 34. Ke2 Re8 35. Kd3 Rd8+ 36. Ke2 Re8 1/2-1/2